Gaming Quiz

Random Gaming or Nintendo Quiz

Ground Type Pokemon Generation 1 Quiz Stats

Quiz not verified by Sporcle

Challenge
Share
Tweet
Embed
Score 0/14 Timer 01:00
0 Plays Today
% Correct
Geodude
86.2%
Graveler
83.7%
Golem
81.8%
Diglett
76.8%
Sandslash
75.9%
Dugtrio
75.4%
Sandshrew
74.4%
% Correct
Onix
70.4%
Rhyhorn
68.5%
Rhydon
67.5%
Nidoking
53.2%
Nidoqueen
51.2%
Cubone
45.8%
Marowak
45.3%

You're not logged in!

Compare scores with friends on all Sporcle quizzes.
Sign Up with Email
OR
Log In

You Might Also Like...

Show Comments

Extras

Top Quizzes Today


Score Distribution

Your Account Isn't Verified!

In order to create a playlist on Sporcle, you need to verify the email address you used during registration. Go to your Sporcle Settings to finish the process.

Report this User

Report this user for behavior that violates our Community Guidelines.

Details: